Tous les Regi/Colosses légendaires dans Pokémon - Statistiques

Statistiques générales
  • Ce quiz a été pris 35 fois
  • Le résultat moyen est 5 sur 6
Statistiques - réponses
Pokémon Regi/Colosses légendaires % Correct
Regirock
100%
Registeel
100%
Regice
97%
Regigigas
94%
Regidrago
75%
Regieleki
72%
Aucun quiz correspondant
Distribution des résultats
% des personnes avec chaque résultat
Percentile par nombre de réponses
Votre historique - résultats
Vous n’avez pas pris ce quiz